| 000 | 00832nac a22002171u 4500 | ||
|---|---|---|---|
| 008 | 100905t xxu||||| |||| 00| 0 eng d | ||
| 010 | _a 92649258 | ||
| 035 | _a(OCoLC)ocm08000966 | ||
| 082 | 0 |
_a621.56 _bAND |
|
| 100 |
_aAnderson, Edwin P. _917838 |
||
| 245 | 0 | 0 |
_aAudel Commercial Refrigeration / _cby Edwin P. Anderson |
| 260 |
_aBombay : _bD.B. Taraporevala sons, _c1976 |
||
| 300 |
_a437 : _bill. ; _c20 cm. |
||
| 500 | _aDonations. | ||
| 500 | _aDonations - Bibliotheca Alexandrina. | ||
| 504 | _aIncludes Index. | ||
| 650 | 0 |
_aRefrigeration and refrigerating machinery _917839 |
|
| 650 | 0 |
_aAir conditioning _917840 |
|
| 942 |
_cBB _k621.56AND _2ddc |
||
| 999 |
_c3513 _d3513 |
||